00652nam a22002057a 450000500170000001000130001702000230003003500130005303700160006604000120008208200160009410000210011024500780013126000450020927000460025430000250030050000200032565000620034565000390040720170124110205.0 aB-061314 c350.00a8120318242 aB-061314 bCen Lib/Ret adplbEN a005.43bPRO aProffitt, Brain  aInstall, configure, and customize Red Hat Linux 7 /cby Brian Proffittb  aNew DelhibPrentice hall of India c2001 aM-97, Connaught circusbNew Delhie110001 axxv,405p. c22cm(Hb) aIncludes index  aOperating systems (Computers) -- Handbooks, manuals, etc. aLinux -- Handbooks, manuals, etc.